000 00689nam a2200217Ia 4500
003 GCL
008 140319s9999 xx 000 0 ara d
020 _a2154345977
040 _aGCL /
_cGCL
082 0 4 _aط
_b005.3
_bم ا
100 1 _aماران، روث
245 1 0 _aاوفيس OFFICE /
_cماران، روث
250 _aالاولى
260 _a[S.N] :
_bWILEY ،
_c2002
260 _aالقاهرة :
_bدار الفاروق للنشر والتوزيع ،
_c2002
300 _a16 ص ؛
_c32 سم
490 _aسلسلة الكمبيوتر للأطفال
_v0
650 0 4 _aالحاسبات الالكترونية - برامج
650 0 4 _aاوفيس
942 _2ddc
_cBK
999 _c8846
_d8846